00392pab a2200133 454500008004000000100001900040245008500059260000900144300001400153362000800167650001400175700002600189773004300215180718b2010 xxu||||| |||| 00| 0 eng d aTyagi, Archana aEmerging employment relationships: issues and concerns in psychological contract c2010 ap.381-95. aJan aEmployers aAgrawal, Rakesh Kumar aIndian Journal of Industrial Relations